[Event "FIDE World Blitz 2013"]
[Site "Khanty-Mansiysk RUS"]
[Date "2013.06.09"]
[Round "1.2"]
[White "Andreikin, Dmitry"]
[Black "Kobalia, Mikhail"]
[Result "1/2-1/2"]
[WhiteTitle "GM"]
[BlackTitle "GM"]
[WhiteElo "2713"]
[BlackElo "2651"]
[WhiteFideId "4158814"]
[BlackFideId "4119150"]
[EventDate "2013.06.09"]

1. e4 c5 2. Nf3 e6 3. g3 d5 4. exd5 exd5 5. d4 Nc6 6. Bg2 Nf6 7. O-O Be7 8. dxc5
Bxc5 9. Nc3 O-O 10. Bg5 Be6 11. Nd2 Be7 12. Nb3 h6 13. Bxf6 Bxf6 14. Nxd5 Bxb2
15. Rb1 Bxd5 16. Bxd5 Ba3 17. Bxc6 bxc6 18. Qf3 Qd5 19. Kg2 Rfe8 20. Rfd1 Qxf3+
21. Kxf3 Re5 22. Rd7 a5 23. Nd4 Rd5 24. Rxd5 cxd5 25. Rb5 a4 26. Rxd5 Rc8 27.
Ke2 Bb2 28. Kd3 Rc3+ 29. Kd2 Ra3 30. Nb5 Rxa2 31. Nc3 Ra1 32. Ra5 a3 33. Nb5 Rf1
34. Ke2 Ra1 35. Kd2 g6 36. c4 Rc1 37. Nxa3 Bxa3 38. Rxa3 1/2-1/2

[Event "FIDE World Blitz 2013"]
[Site "Khanty-Mansiysk RUS"]
[Date "2013.06.09"]
[Round "1.3"]
[White "Riazantsev, Alexander"]
[Black "Nepomniachtchi, Ian"]
[Result "0-1"]
[WhiteTitle "GM"]
[BlackTitle "GM"]
[WhiteElo "2708"]
[BlackElo "2717"]
[WhiteFideId "4125029"]
[BlackFideId "4168119"]
[EventDate "2013.06.09"]

1. d4 Nf6 2. Nf3 g6 3. Bf4 Bg7 4. e3 O-O 5. Be2 b6 6. O-O Bb7 7. c4 d6 8. h3
Nbd7 9. Nc3 a6 10. Bh2 Re8 11. Qc2 e5 12. Rfd1 exd4 13. Nxd4 Ne5 14. Rac1 Rc8
15. b3 Qe7 16. Bf1 c5 17. Nde2 Bc6 18. Nf4 Rcd8 19. Nfd5 Nxd5 20. Nxd5 Qb7 21.
Rd2 b5 22. Rcd1 f5 23. Bg3 h6 24. Nf4 Qe7 25. Nd5 Qf7 26. cxb5 axb5 27. Nc3 c4
28. Rxd6 Rc8 29. Ne2 Kh7 30. Nf4 Be4 31. Qe2 c3 32. Qxb5 c2 33. Rc1 Red8 34.
Rxd8 Rxd8 35. Ne2 Rd1 36. Bxe5 Bd3 37. Qb8 Bxe2 38. Rxc2 Bxf1 39. Bxg7 Qxg7 40.
Rc7 Bb5+ 41. Kh2 Bd7 42. Ra7 g5 43. Qc7 h5 44. b4 Qa1 45. Qd8 Rh1+ 46. Kg3 h4+
47. Kf3 Qd1# 0-1

[Event "FIDE World Blitz 2013"]
[Site "Khanty-Mansiysk RUS"]
[Date "2013.06.09"]
[Round "1.8"]
[White "Vitiugov, Nikita"]
[Black "Artemiev, Vladislav"]
[Result "1-0"]
[WhiteTitle "GM"]
[BlackTitle "IM"]
[WhiteElo "2734"]
[BlackElo "2524"]
[WhiteFideId "4152956"]
[BlackFideId "24101605"]
[EventDate "2013.06.09"]

1. d4 d5 2. c4 c6 3. cxd5 cxd5 4. Bf4 Nc6 5. e3 Nf6 6. Nc3 a6 7. Bd3 Bg4 8. Nge2
e6 9. f3 Bh5 10. Rc1 Be7 11. O-O O-O 12. Bg3 Bg6 13. Nf4 Nd7 14. Na4 Rc8 15. a3
Na5 16. Rxc8 Qxc8 17. Nxg6 hxg6 18. Qe2 b5 19. Nc3 Nb6 20. e4 Nb3 21. Bf2 dxe4
22. fxe4 Rd8 23. d5 Bc5 24. Bb1 exd5 25. Ba2 Nd4 26. Qd3 dxe4 27. Nxe4 Ne6 28.
Bxe6 fxe6 29. Qg3 Bxf2+ 30. Qxf2 Qb7 31. Ng5 Qe7 32. Qh4 Qc5+ 33. Kh1 Qf5 34.
Qh7+ Kf8 35. Rxf5+ 1-0

[Event "FIDE World Blitz 2013"]
[Site "Khanty-Mansiysk RUS"]
[Date "2013.06.09"]
[Round "1.10"]
[White "Georgiev, Kiril"]
[Black "Rakhmanov, Aleksandr"]
[Result "1/2-1/2"]
[WhiteTitle "GM"]
[BlackTitle "GM"]
[WhiteElo "2636"]
[BlackElo "2602"]
[WhiteFideId "2900017"]
[BlackFideId "4173708"]
[EventDate "2013.06.09"]

1. d4 e6 2. Nf3 d5 3. Bf4 Nf6 4. e3 Bd6 5. Bg3 O-O 6. c4 c5 7. Nc3 Nc6 8. cxd5
exd5 9. Be2 Bg4 10. dxc5 Bxc5 11. O-O Re8 12. Rc1 Bf8 13. h3 Be6 14. Nb5 Rc8 15.
Nfd4 Qd7 16. Nxc6 bxc6 17. Nd4 Bd6 18. Bxd6 Qxd6 19. Qa4 c5 20. Nxe6 fxe6 21.
Qxa7 Ra8 22. Qxc5 Qxc5 23. Rxc5 Rxa2 24. Rb1 Rb8 25. Rc2 Ne4 26. Bd3 Nf6 27. f4
Rb3 28. Rd2 Nd7 29. Kf2 Nc5 30. Bc2 Rbxb2 31. Rxb2 Rxb2 32. Ke2 g6 33. g4 Kg7
34. Bd1 Rxd2+ 35. Kxd2 Ne4+ 36. Ke1 h6 37. Bc2 Nd6 38. Ke2 g5 39. Bd3 Kf6 40.
Bc2 e5 41. Bb3 exf4 1/2-1/2

[Event "FIDE World Blitz 2013"]
[Site "Khanty-Mansiysk RUS"]
[Date "2013.06.09"]
[Round "1.11"]
[White "Ponkratov, Pavel"]
[Black "Sargissian, Gabriel"]
[Result "1/2-1/2"]
[WhiteTitle "GM"]
[BlackTitle "GM"]
[WhiteElo "2605"]
[BlackElo "2671"]
[WhiteFideId "4157800"]
[BlackFideId "13300881"]
[EventDate "2013.06.09"]

1. e4 e5 2. Nf3 Nc6 3. Bc4 Bc5 4. c3 Nf6 5. d4 exd4 6. e5 d5 7. Bb5 Ne4 8. cxd4
Bb6 9. Nc3 O-O 10. Be3 Bf5 11. O-O Ne7 12. Bd3 c6 13. Qc2 Nxc3 14. bxc3 Qd7 15.
Rae1 Bxd3 16. Qxd3 Qf5 17. Qd1 Ng6 18. h3 Rfe8 19. g4 Qd7 20. Nd2 f5 21. exf6
gxf6 22. f4 f5 23. Nf3 fxg4 24. Ne5 Nxe5 25. fxe5 Re6 26. Kh1 Rg6 27. hxg4 Qxg4
28. Qxg4 Rxg4 29. Rg1 Rg6 30. Bh6 Re8 31. Ref1 Bd8 32. Kh2 Be7 33. Kh3 Bf8 34.
Bd2 Re6 35. Rxg6+ Rxg6 36. a4 b5 37. Ra1 a6 38. axb5 cxb5 39. Rf1 Be7 40. Rb1
Kf7 41. Ra1 Ke8 42. Bf4 h5 43. Bg3 Rc6 44. Be1 Rg6 45. Bg3 Kd7 46. Be1 Bd8 47.
Rb1 Rb6 48. Bh4 Bxh4 49. Kxh4 Rc6 50. Rb3 Rb6 51. Kxh5 a5 52. Kg5 a4 53. Ra3 Ke6
54. Ra1 Ra6 55. Rf1 Ke7 56. Kf5 a3 57. Ra1 a2 58. Kf4 Ra3 59. Kf5 Ra4 60. Kf4
Ra3 61. Kf5 Ra6 62. Kf4 Ra4 63. Ke3 Ra3 64. Kd2 Ra4 65. Kc2 b4 66. Kb3 Ra8 67.
cxb4 Rc8 68. Rxa2 Rc4 69. Rd2 Kd7 70. Ka4 Kc6 71. Ka5 Rc1 72. b5+ Kb7 73. Re2
Ra1+ 74. Kb4 Kb6 75. e6 Rb1+ 76. Kc3 Rc1+ 77. Kb4 Rb1+ 78. Kc3 Rc1+ 79. Kd2 Rc8
80. Re5 Re8 81. Kd3 Kxb5 82. Rxd5+ Kc6 83. Re5 Kd6 84. Ra5 Rxe6 85. Ra6+ Kd5 86.
Ra5+ Kd6 87. Kc4 Re1 88. Ra6+ Kc7 89. Kd5 Rh1 90. Ra7+ Kd8 91. Kc6 Rh6+ 92. Kc5
Rg6 93. d5 Rh6 94. Rb7 Rg6 95. Rb8+ Kd7 1/2-1/2

[Event "FIDE World Blitz 2013"]
[Site "Khanty-Mansiysk RUS"]
[Date "2013.06.09"]
[Round "1.12"]
[White "Mamedov, Rauf"]
[Black "Gundavaa, Bayarsaikhan"]
[Result "1/2-1/2"]
[WhiteTitle "GM"]
[BlackTitle "GM"]
[WhiteElo "2637"]
[BlackElo "2516"]
[WhiteFideId "13401653"]
[BlackFideId "4901045"]
[EventDate "2013.06.09"]

1. g3 d5 2. Bg2 Nf6 3. d3 Bf5 4. Nd2 h6 5. e4 Bh7 6. exd5 Nxd5 7. Ngf3 Nd7 8.
O-O e6 9. a3 Be7 10. Re1 O-O 11. Nc4 c6 12. Qe2 Bf6 13. Ncd2 Re8 14. Ne4 Be7 15.
Bd2 Qb6 16. b4 Rad8 17. c4 N5f6 18. Be3 Qa6 19. Nc3 Bf8 20. b5 Qa5 21. Bd2 Qc7
22. d4 c5 23. Bf4 Qc8 24. Be3 cxd4 25. Bxd4 Bc5 26. Bxc5 Nxc5 27. Ne5 Nd3 28.
Nxd3 Bxd3 29. Qe3 Bxc4 30. Rac1 Qb8 31. h3 Bd5 32. Nxd5 Nxd5 33. Qb3 Re7 34.
Bxd5 Rxd5 35. Qxd5 exd5 36. Rxe7 Qd6 37. Re3 d4 38. Rd3 Qd5 39. a4 h5 40. Rcd1
h4 41. Rxd4 Qb3 42. R1d3 Qb1+ 43. Kg2 hxg3 44. Rxg3 g6 45. Rf3 Qc1 46. h4 Qc8
47. Rdf4 Qe6 48. Rxf7 Qg4+ 49. Rg3 Qxa4 50. Rff3 Kh7 51. Rf7+ Kh6 52. Re3 Qxb5
53. Rff3 Qd5 54. Kg3 Qd6+ 55. Kg4 Qd7+ 56. Kg3 Qd6+ 57. Kg2 Qd5 58. Kg3 Qd6+ 59.
Kh3 Qd7+ 60. Kg2 Qd5 61. Rd3 Qe4 62. Re3 Qd5 63. Kg3 Qd6+ 64. Rf4 b5 65. Kg4
Qd7+ 66. Kg3 Qd6 67. Kg4 Qd7+ 1/2-1/2

[Event "FIDE World Blitz 2013"]
[Site "Khanty-Mansiysk RUS"]
[Date "2013.06.09"]
[Round "1.14"]
[White "Movsesian, Sergei"]
[Black "Ghaem Maghami, Ehsan"]
[Result "1-0"]
[WhiteTitle "GM"]
[BlackTitle "GM"]
[WhiteElo "2699"]
[BlackElo "2554"]
[WhiteFideId "310204"]
[BlackFideId "12500739"]
[EventDate "2013.06.09"]

1. c4 Nf6 2. Nc3 e5 3. g3 Bb4 4. Bg2 O-O 5. Nf3 Re8 6. O-O c6 7. d3 h6 8. Bd2 d6
9. a3 Bxc3 10. Bxc3 Bg4 11. h3 Bxf3 12. Bxf3 Nbd7 13. Bg2 d5 14. cxd5 Nxd5 15.
Bd2 Qb6 16. Qc2 Ne7 17. Be3 Qd8 18. d4 Nd5 19. Bxd5 cxd5 20. dxe5 Nxe5 21. Rfd1
Nc4 22. Bd4 Rc8 23. Qd3 Qd7 24. Kg2 b6 25. Rac1 Qe6 26. e3 Qe4+ 27. Qxe4 dxe4
28. a4 Na5 29. Rxc8 Rxc8 30. Bc3 Nc6 31. Rd7 f6 32. g4 Kf8 33. Kg3 Kg8 34. Kf4
Re8 35. Rc7 Ne5 36. Rxa7 Nd3+ 37. Kf5 Rc8 38. Kg6 Nxf2 39. Rxg7+ Kf8 1-0

[Event "FIDE World Blitz 2013"]
[Site "Khanty-Mansiysk RUS"]
[Date "2013.06.09"]
[Round "1.16"]
[White "Khismatullin, Denis"]
[Black "Salem, A.R. Saleh"]
[Result "1-0"]
[WhiteTitle "GM"]
[BlackTitle "GM"]
[WhiteElo "2658"]
[BlackElo "2531"]
[WhiteFideId "4142578"]
[BlackFideId "9301348"]
[EventDate "2013.06.09"]

1. Nf3 c5 2. b3 d6 3. Bb2 e5 4. g3 Nc6 5. Bg2 Be7 6. O-O Nf6 7. c4 O-O 8. Nc3 h6
9. e3 Bf5 10. d4 Re8 11. dxe5 dxe5 12. Nd5 Bf8 13. Nd2 Bd3 14. Nxf6+ Qxf6 15.
Ne4 Qd8 16. Re1 Nb4 17. Rc1 Nxa2 18. Ra1 Nb4 19. Rc1 f5 20. Nc3 e4 21. f3 Qg5
22. Ba3 Rad8 23. Bxb4 cxb4 24. Nd5 a5 25. Kh1 Kh8 26. Ra1 Ra8 27. Nc7 b6 28.
Nxa8 Rxa8 29. Qd2 Bc5 30. Qf2 Re8 31. Rad1 exf3 32. Rxd3 fxg2+ 33. Kxg2 Kh7 34.
Rd5 Rxe3 35. Rxe3 Bxe3 36. Qxf5+ Qxf5 37. Rxf5 Bc5 38. Kf3 Kg6 39. Rd5 Kf6 40.
Ke4 Ke6 41. g4 Bd6 42. h3 Bc5 43. Rd8 Ke7 44. Rb8 Kf6 45. Rb7 g6 46. h4 Bf2 47.
Kd5 a4 48. Ra7 axb3 49. Ra1 Bxh4 50. Rb1 Kg5 51. Rxb3 Be1 52. Kc6 Kxg4 53. Kxb6
h5 54. c5 h4 55. c6 Bg3 56. Rxg3+ hxg3 57. c7 g2 58. c8=Q+ Kg3 59. Qc1 b3 60.
Kc5 b2 61. Qg1 b1=Q 62. Qxb1 Kh2 63. Qc2 Kh1 64. Qe4 g5 65. Kd4 Kh2 66. Qe2 Kg3
67. Qe1+ Kh2 68. Qe2 Kg3 69. Qe5+ Kf2 70. Qf5+ Ke1 71. Qg4 Kf1 72. Kd3 Kg1 73.
Ke2 Kh1 1-0

[Event "FIDE World Blitz 2013"]
[Site "Khanty-Mansiysk RUS"]
[Date "2013.06.09"]
[Round "1.19"]
[White "Potapov, Pavel"]
[Black "Cheparinov, Ivan"]
[Result "1/2-1/2"]
[WhiteTitle "IM"]
[BlackTitle "GM"]
[WhiteElo "2460"]
[BlackElo "2678"]
[WhiteFideId "4169786"]
[BlackFideId "2905540"]
[EventDate "2013.06.09"]

1. e4 c5 2. c3 d6 3. d4 Nf6 4. Bd3 Qc7 5. Ne2 g6 6. O-O Bg7 7. h3 O-O 8. Be3 b6
9. Nd2 e5 10. f4 exd4 11. cxd4 Nc6 12. Rc1 Bb7 13. a3 Rfe8 14. Re1 Rad8 15. Bf2
Qb8 16. d5 Ne7 17. Nf3 a6 18. a4 Nexd5 19. exd5 Nxd5 20. Bc4 Nb4 21. Nc3 Rxe1+
22. Qxe1 Bxf3 23. gxf3 d5 24. Bf1 Qxf4 25. Rd1 Be5 26. Bg2 h5 27. Ne2 Qf6 28. b3
Rd6 29. Qd2 Re6 30. f4 Bd6 31. Re1 d4 32. Bg3 h4 33. Bf2 d3 34. Nc3 Bxf4 35.
Rxe6 fxe6 36. Ne4 Qe5 37. Qe1 g5 38. Qd1 Kg7 39. Qh5 d2 40. Qd1 Qb2 41. Bf1 Qc1
42. Be2 Nd3 43. Nxd2 Qxd1+ 44. Bxd1 Bxd2 45. Be2 Nb4 46. Kg2 Kf6 47. Kf3 Bc3 48.
Be3 a5 49. Kg4 Nc6 50. Bxg5+ Ke5 51. Bxh4 Nd4 52. Bc4 Bd2 53. Bg3+ Kf6 54. h4 e5
55. Bd5 e4 56. Bxe4 Nxb3 57. h5 Nd4 58. Bc7 b5 59. axb5 Nxb5 60. Bd8+ Kg7 61.
Bd3 Nd4 62. Bb6 Ne6 63. Bc4 Kf6 64. Bxe6 Kxe6 65. Bxc5 Kd5 66. Bf8 Ke6 67. Bc5
a4 68. Kf3 Kd5 69. Bf8 Ke6 70. Ke2 Bg5 71. Kd3 Kf5 72. Kc4 Kg4 73. Kb4 Kxh5 74.
Kxa4 1/2-1/2

[Event "FIDE World Blitz 2013"]
[Site "Khanty-Mansiysk RUS"]
[Date "2013.06.09"]
[Round "1.20"]
[White "Nguyen, Ngoc Truong Son"]
[Black "Lagno, Kateryna"]
[Result "1-0"]
[WhiteTitle "GM"]
[BlackTitle "GM"]
[WhiteElo "2625"]
[BlackElo "2542"]
[WhiteFideId "12401110"]
[BlackFideId "14109336"]
[EventDate "2013.06.09"]

1. d4 Nf6 2. c4 g6 3. Nc3 d5 4. Qb3 dxc4 5. Qxc4 Bg7 6. e4 O-O 7. Be2 Nfd7 8.
Be3 Nb6 9. Qc5 c6 10. Nf3 Bg4 11. Nd2 Bxe2 12. Nxe2 e5 13. O-O exd4 14. Bxd4 Na6
15. Qc3 Na4 16. Qe3 Bxd4 17. Nxd4 c5 18. N4f3 Nb4 19. e5 Kg7 20. Ne4 Qd3 21. Qf4
Qa6 22. b3 Nb2 23. Nxc5 Qb6 24. Nd7 N2d3 25. Qf6+ Qxf6 26. exf6+ Kh6 27. Nxf8
Rxf8 28. Rad1 Nc5 29. Rd4 1-0

[Event "FIDE World Blitz 2013"]
[Site "Khanty-Mansiysk RUS"]
[Date "2013.06.09"]
[Round "1.21"]
[White "Al-Sayed, Mohammed"]
[Black "Zvjaginsev, Vadim"]
[Result "0-1"]
[WhiteTitle "GM"]
[BlackTitle "GM"]
[WhiteElo "2498"]
[BlackElo "2659"]
[WhiteFideId "12100196"]
[BlackFideId "4113403"]
[EventDate "2013.06.09"]

1. d4 c5 2. d5 d6 3. c4 g6 4. Nc3 Bg7 5. e4 Nd7 6. Nf3 Ne5 7. Nxe5 Bxe5 8. Be2
Nf6 9. Qd3 a6 10. f4 Bd4 11. Be3 Qb6 12. O-O-O Bxc3 13. Qxc3 O-O 14. Bd3 Qc7 15.
h3 b5 16. e5 bxc4 17. Qxc4 Nd7 18. Be4 Rb8 19. h4 Rb4 20. Qc2 Nb6 21. Bd2 Rxe4
22. Qxe4 Bf5 23. Qe2 h5 24. Bc3 Na4 25. exd6 Nxc3 26. bxc3 exd6 27. Qxa6 Rb8 28.
Rhe1 Rb1+ 29. Kd2 Rb2+ 30. Ke3 Qe7+ 31. Kf3 Qxh4 32. Rc1 Qf2# 0-1

[Event "FIDE World Blitz 2013"]
[Site "Khanty-Mansiysk RUS"]
[Date "2013.06.09"]
[Round "1.22"]
[White "Tkachiev, Vladislav"]
[Black "Cherniaev, Alexander"]
[Result "1-0"]
[WhiteTitle "GM"]
[BlackTitle "GM"]
[WhiteElo "2649"]
[BlackElo "2447"]
[WhiteFideId "618438"]
[BlackFideId "4117301"]
[EventDate "2013.06.09"]

1. Nf3 f5 2. d3 Nf6 3. e4 d6 4. exf5 Bxf5 5. d4 c6 6. Bd3 Bg4 7. h3 Bh5 8. Nc3
Nbd7 9. Qe2 e5 10. g4 Bf7 11. Bf4 Nd5 12. Bg3 Nxc3 13. bxc3 Bd5 14. O-O Bxf3 15.
Qxf3 Be7 16. Rfe1 Qc7 17. Bf5 O-O-O 18. dxe5 dxe5 19. Rxe5 Bd6 20. Re7 Bxg3 21.
Qxg3 g6 22. Be6 Qxg3+ 23. fxg3 Rhe8 24. Bxd7+ 1-0

[Event "FIDE World Blitz 2013"]
[Site "Khanty-Mansiysk RUS"]
[Date "2013.06.09"]
[Round "1.24"]
[White "Potkin, Vladimir"]
[Black "Akbaev, Kazbek"]
[Result "1-0"]
[WhiteTitle "GM"]
[BlackTitle "IM"]
[WhiteElo "2647"]
[BlackElo "2475"]
[WhiteFideId "4131061"]
[BlackFideId "4131045"]
[EventDate "2013.06.09"]

1. d4 d5 2. c4 e6 3. Nc3 f5 4. Nf3 Nf6 5. Bf4 c6 6. e3 Bd6 7. Bd3 O-O 8. O-O Qc7
9. Bxd6 Qxd6 10. Qc2 Ne4 11. Rab1 a5 12. a3 Bd7 13. Ne5 Be8 14. f3 Ng5 15. b4
Nf7 16. f4 Nxe5 17. fxe5 Qe7 18. c5 Nd7 19. b5 Qg5 20. Qd2 Bh5 21. bxc6 bxc6 22.
Rb7 Rfd8 23. Rfb1 Nf8 24. R1b6 Rdc8 25. Qf2 Ng6 26. Rd7 Rab8 27. Na4 Nh4 28. Qg3
Qh6 29. Rxb8 Rxb8 30. Nb6 Be8 31. Re7 Qg6 32. Qxh4 h6 33. Qg3 Qxg3 34. hxg3 Kf8
35. Rxe6 Kf7 36. Rd6 g5 37. Bxf5 1-0

[Event "FIDE World Blitz 2013"]
[Site "Khanty-Mansiysk RUS"]
[Date "2013.06.09"]
[Round "1.29"]
[White "Byambaa, Zulzaga"]
[Black "Najer, Evgeniy"]
[Result "0-1"]
[WhiteTitle "FM"]
[BlackTitle "GM"]
[WhiteElo "2285"]
[BlackElo "2633"]
[WhiteFideId "4900642"]
[BlackFideId "4118987"]
[EventDate "2013.06.09"]

1. e4 c5 2. Nf3 d6 3. c3 Nf6 4. Bd3 Nc6 5. h3 d5 6. e5 Nd7 7. e6 fxe6 8. Ng5 Nf6
9. Bxh7 Nxh7 10. Qh5+ Kd7 11. Nxh7 Kc7 12. Qg6 Ne5 13. Qg3 Rxh7 14. Qxe5+ Qd6
15. d4 Qxe5+ 16. dxe5 b6 17. Bf4 g6 18. Nd2 Bd7 19. O-O-O Bg7 20. Rde1 Rf8 21.
Bg3 Bh6 22. Kd1 Ba4+ 23. b3 Bc6 24. f3 a5 25. Nf1 Rd8 26. Kc2 d4 27. c4 a4 28.
Nd2 Be3 29. Ne4 Bxe4+ 30. fxe4 d3+ 31. Kb1 0-1

[Event "FIDE World Blitz 2013"]
[Site "Khanty-Mansiysk RUS"]
[Date "2013.06.09"]
[Round "2.2"]
[White "Kobalia, Mikhail"]
[Black "Andreikin, Dmitry"]
[Result "1-0"]
[WhiteTitle "GM"]
[BlackTitle "GM"]
[WhiteElo "2651"]
[BlackElo "2713"]
[WhiteFideId "4119150"]
[BlackFideId "4158814"]
[EventDate "2013.06.09"]

1. e4 e5 2. Nf3 Nc6 3. Nc3 Nf6 4. d4 exd4 5. Nxd4 Nxe4 6. Nxe4 Qe7 7. f3 d5 8.
Nxc6 bxc6 9. Bd3 dxe4 10. fxe4 Qe5 11. O-O Bd6 12. Bf4 Qc5+ 13. Kh1 Bxf4 14.
Rxf4 O-O 15. Rh4 Rb8 16. b3 Qe5 17. Rb1 g6 18. Qd2 Be6 19. Qh6 Qg7 20. Qxg7+
Kxg7 21. e5 c5 22. Ra4 Rfd8 23. Rxa7 c4 24. Be4 Rd4 25. Re1 c5 26. h3 cxb3 27.
axb3 Rbb4 28. Bf3 Rd2 29. Re2 Rxe2 30. Bxe2 Re4 31. Bd3 Rxe5 32. Kg1 h5 33. Kf2
h4 34. Ra4 g5 35. Re4 Kf6 36. Ra4 Ke7 37. Ra7+ Kf6 38. Ra4 Rd5 39. Ra5 Ke5 40.
Ke3 c4 41. Rxd5+ Bxd5 42. Bxc4 Bxg2 43. Bxf7 Bxh3 44. b4 g4 45. Bh5 g3 46. Bf3
Bd7 47. c4 h3 48. b5 Kd6 49. b6 h2 50. b7 Kc7 51. Kf4 Be6 52. c5 Bc4 53. Kxg3
Be2 54. Bh1 Ba6 55. c6 Bb5 56. Kxh2 Ba4 57. Kg3 Bb5 58. Kf4 Ba6 59. Ke5 Bb5 60.
Bg2 Ba6 61. Be4 Bb5 62. Kd4 Ba6 63. Kc5 Be2 64. Kb4 Ba6 65. Ka5 Be2 66. Bd5 Bd3
67. Bb3 Be4 68. Ba4 Bd3 69. Bb5 Be4 70. Ka6 Kb8 71. Kb6 Bxc6 72. Kxc6 1-0

[Event "FIDE World Blitz 2013"]
[Site "Khanty-Mansiysk RUS"]
[Date "2013.06.09"]
[Round "2.3"]
[White "Nepomniachtchi, Ian"]
[Black "Riazantsev, Alexander"]
[Result "0-1"]
[WhiteTitle "GM"]
[BlackTitle "GM"]
[WhiteElo "2717"]
[BlackElo "2708"]
[WhiteFideId "4168119"]
[BlackFideId "4125029"]
[EventDate "2013.06.09"]

1. e4 e6 2. d4 d5 3. Nc3 Bb4 4. exd5 exd5 5. Bd3 Nf6 6. Qf3 O-O 7. h3 c5 8. dxc5
Nc6 9. Ne2 d4 10. a3 Ba5 11. b4 dxc3 12. bxa5 Qxa5 13. Qg3 Qxc5 14. O-O Re8 15.
Nxc3 Bf5 16. Be3 Qa5 17. Rfc1 Rad8 18. Bg5 Qxc3 19. Bxf5 Qxg3 20. fxg3 Rd6 21.
Re1 Red8 22. g4 h6 23. Bf4 Rd5 24. Bd3 Nd4 25. a4 Ne6 26. Be3 a6 27. Reb1 R5d7
28. Bc4 Rc8 29. Bd3 Nd5 30. Bf2 Ndf4 31. Be4 Ne2+ 32. Kf1 Nc3 33. Re1 Nxe4 34.
Rxe4 Rxc2 35. Re2 Rdc7 36. Rxc2 Rxc2 37. Rb1 Rc7 38. Be3 g5 39. Ke2 Rd7 40. Rb4
Nd8 41. Re4 Nc6 42. Bc5 Rd5 43. Rc4 Kg7 44. Be3 f6 45. Re4 Kf7 46. g3 Re5 47.
Rc4 Rd5 48. Re4 Rd7 49. Rc4 Rd6 50. Re4 Re6 51. Rc4 Re5 52. Kd3 Rd5+ 53. Ke4 Rd1
54. Bc1 Ke6 55. Ke3 Rh1 56. Rc2 Rxh3 57. Kf3 Rh1 58. Bb2 Rb1 59. Re2+ Ne5+ 60.
Kg2 b5 61. axb5 axb5 62. Bd4 b4 63. Ra2 Kd5 64. Ba7 b3 65. Ra6 b2 66. Rxf6 Ra1 0-1

[Event "FIDE World Blitz 2013"]
[Site "Khanty-Mansiysk RUS"]
[Date "2013.06.09"]
[Round "2.9"]
[White "Inarkiev, Ernesto"]
[Black "Gordievsky, Dmitry"]
[Result "0-1"]
[WhiteTitle "GM"]
[BlackTitle "FM"]
[WhiteElo "2680"]
[BlackElo "2474"]
[WhiteFideId "4162722"]
[BlackFideId "24112798"]
[EventDate "2013.06.09"]

1. e4 e6 2. d4 d5 3. Nc3 Nf6 4. e5 Nfd7 5. f4 c5 6. Nf3 Nc6 7. Be3 a6 8. Bd3 b5
9. dxc5 Bxc5 10. Bxc5 Nxc5 11. O-O Qb6 12. Kh1 b4 13. Ne2 a5 14. Qd2 Ba6 15. f5
Bxd3 16. cxd3 exf5 17. Qg5 Ne6 18. Qxf5 O-O 19. Rac1 Rac8 20. Ng5 Nxg5 21. Qxg5
h6 22. Qg3 Nd4 23. Nf4 Nf5 24. Qh3 Rxc1 25. Rxc1 Ne7 26. Ne2 Qe6 27. Qxe6 fxe6
28. Kg1 Kf7 29. Nd4 Rc8 30. Rf1+ Kg8 31. h3 Ng6 32. Nxe6 Nxe5 33. Nf4 d4 34. Re1
Nd7 35. Re7 Nf6 36. Ne6 Rc1+ 37. Kh2 Re1 38. Rxg7+ Kh8 39. Re7 Rd1 40. Nxd4 Rxd3
41. Nf5 h5 42. Re6 Nd5 43. Rh6+ Kg8 44. Rxh5 Rd2 45. Rg5+ Kf7 46. Nd6+ Ke6 47.
Nc4 Rc2 48. Nxa5 Rxb2 49. Nc6 Kd6 50. Rg6+ Kc5 51. h4 Rxa2 52. Nxb4 Kxb4 53. h5
Kc5 54. h6 Ra7 55. g4 Kd4 56. g5 Ke5 57. Rg8 Rh7 58. Rf8 Nf4 59. Kg3 Ne6 60. Rg8
Kf5 61. Kh4 Ra7 62. Rb8 Ra4+ 63. Kh5 Nf4+ 64. Kh4 Ng6+ 65. Kg3 Ra3+ 66. Kf2 Kxg5
67. h7 Rh3 68. Rb7 Kf6 69. Ra7 Ne7 70. Ra6+ Kf7 71. Kg2 Rxh7 72. Kf3 Rh5 73. Kg3
Rb5 74. Kf3 Rc5 75. Ke3 Nc6 76. Ke4 Ke6 77. Rb6 Kd6 78. Rb1 Rc4+ 79. Kd3 Rh4 80.
Rb5 Nb4+ 81. Ke3 Nd5+ 82. Kd3 Ke5 83. Ra5 Rd4+ 84. Ke2 Ke4 85. Ra8 Rb4 86. Re8+
Kd4 87. Kf3 Rb3+ 88. Kf2 Nf6 89. Rd8+ Ke4 90. Ke2 Rb2+ 91. Kd1 Nd5 92. Kc1 Rh2
93. Rd7 Kd4 94. Rd8 Kc4 95. Rc8+ Kb3 96. Rb8+ Nb4 97. Kd1 Kc3 98. Rc8+ Kd4 99.
Rd8+ Nd5 100. Kc1 Rh6 101. Kc2 Kc4 102. Rc8+ Kd4 103. Rd8 Rh2+ 104. Kb3 Rh7 105.
Kc2 Kc4 106. Rc8+ Nc7 107. Kd2 Kd4 108. Rd8+ Ke4 109. Kc2 Ne6 110. Rd6 Nd4+ 111.
Kb2 Rb7+ 112. Ka2 Kd3 113. Rd8 Rb6 114. Rc8 Nc6 115. Ka3 Kc3 116. Ka4 Rb4+ 117.
Ka3 Rb6 118. Ka4 Kb2 119. Rc7 Rb4# 0-1

[Event "FIDE World Blitz 2013"]
[Site "Khanty-Mansiysk RUS"]
[Date "2013.06.09"]
[Round "2.10"]
[White "Rakhmanov, Aleksandr"]
[Black "Georgiev, Kiril"]
[Result "1/2-1/2"]
[WhiteTitle "GM"]
[BlackTitle "GM"]
[WhiteElo "2602"]
[BlackElo "2636"]
[WhiteFideId "4173708"]
[BlackFideId "2900017"]
[EventDate "2013.06.09"]

1. d4 Nf6 2. c4 e6 3. Nc3 Bb4 4. e3 O-O 5. Bd3 d5 6. Ne2 dxc4 7. Bxc4 c5 8. a3
Bxc3+ 9. bxc3 Nc6 10. O-O Qc7 11. Ba2 b6 12. Bb2 Ba6 13. Re1 Na5 14. Ng3 Rfd8
15. e4 Bc4 16. Bxc4 Nxc4 17. Bc1 Rac8 18. Bg5 Nd7 19. Bxd8 Rxd8 20. Qa4 Na5 21.
Rad1 Rc8 22. e5 Qc6 23. Qxc6 Nxc6 24. d5 exd5 25. Rxd5 Nf8 26. f4 g6 27. Ne4 Kg7
28. f5 gxf5 29. Nd6 Ne7 30. Rd3 Rc6 31. Rf3 Nfg6 32. Nxf5+ Nxf5 33. Rxf5 b5 34.
Rd1 Re6 35. Rd6 Re7 36. e6 fxe6 37. Rxc5 Kf6 38. Rxb5 Rc7 39. Rd3 e5 40. Re3 Ke6
41. Ra5 Kf5 42. Rb5 Rd7 43. Rf3+ Ke6 44. Rb1 Nf4 45. Rf2 Rc7 46. Rc2 Nd5 47. c4
Ne3 48. Rc3 Nxc4 49. Rd1 Rc6 50. a4 a5 51. h4 Rc7 52. Kh2 Rc6 53. h5 Rc7 54. Kh3
Rc6 55. Kh4 Rc7 56. Kg5 Rc6 57. g4 Rc7 58. Rd8 Rg7+ 59. Kh6 Rxg4 60. Kxh7 Kf6
61. Rf8+ Ke7 62. Rcf3 Nd6 63. h6 Ne4 64. R8f7+ Ke6 65. Rg7 Rh4 66. Rf8 Nf6+ 67.
Rxf6+ Kxf6 68. Ra7 e4 69. Rxa5 e3 70. Ra6+ Kf5 71. Ra8 Re4 72. Rf8+ Kg5 73. Rg8+
Kh5 74. Rg1 Re7+ 75. Kg8 Kxh6 76. a5 e2 77. Re1 Kg5 78. a6 Kf4 79. a7 Rxa7 80.
Rxe2 1/2-1/2